| 000 | 00694nam a22002537a 4500 | ||
|---|---|---|---|
| 003 | OSt | ||
| 005 | 20220924113454.0 | ||
| 006 | a|||||r|||| 00| 0 | ||
| 007 | ta | ||
| 008 | 220923b |||||||| |||| 00| 0 eng d | ||
| 024 | _a104462 | ||
| 037 | _cGeneral Books | ||
| 040 |
_aARTS _cARTS _beng |
||
| 041 |
_2eng _aeng |
||
| 082 | _aV2y7M75, L6 | ||
| 100 | _aMurthi R K | ||
| 245 | 0 |
_aSardar Patel _b The man and his contemporaries |
|
| 260 |
_aNew Delhi _b Sterling _c1976 |
||
| 300 | _a220p. | ||
| 500 | _aAppendix p199--213; Bibliography p214--215 | ||
| 650 | _aHISTORY | ||
| 942 |
_hV2y7M75, L6 _cGB _2CC |
||
| 999 |
_c389803 _d389803 |
||